| 000 | 00807nam a2200253Ia 4500 | ||
|---|---|---|---|
| 003 | OSt | ||
| 005 | 20220926010520.0 | ||
| 006 | a|||||r|||| 00| 0 | ||
| 007 | ta | ||
| 008 | 220923b |||||||| |||| 00| 0 eng d | ||
| 020 |
_a8188965030 _c170 |
||
| 037 |
_b5282, 02/09/2014, RAJKIRAN BOOK AGENCY _cGeneral Book |
||
| 040 |
_aRTL _cRTL _beng |
||
| 041 |
_2eng _aeng |
||
| 082 | _aY15:3(W).44Q7, P4 | ||
| 100 |
_aROUSE Shahnaz _9312457 |
||
| 245 | 0 |
_aShifting body politics _b Gender,nation,state in Pakistan |
|
| 260 |
_a New Delhi _bWomen Unlimited _c2004 |
||
| 300 |
_a155p. _ccm. |
||
| 500 | _aBibliography: 222-249p. | ||
| 650 | _aSociology | ||
| 942 |
_hY15:3(W).44Q7, P4 _cGB _2CC |
||
| 999 |
_c617472 _d617472 |
||